[Event "LSS No Engine Cup 189 Preliminary 0"]
[Site "LSS email"]
[Date "2019.04.15"]
[Round "?"]
[White "Rivera, Angel"]
[Black "Pech, Stepan"]
[Result "1-0"]
[WhiteElo "1600"]
[BlackElo "1577"]
[PlyCount "49"]
[EventDate "2019.04.16"]
[EventType "tourn (corr)"]
[EventRounds "6"]
[EventCountry "GER"]
[SourceTitle "Corr 2022"]
[Source "ChessBase"]
[SourceDate "2021.10.24"]
[SourceVersion "1"]
[SourceVersionDate "2021.10.24"]
[SourceQuality "1"]

1. e4 c5 2. Nf3 d6 3. d4 cxd4 4. Nxd4 Nf6 5. Nc3 a6 6. Be3 e5 7. Nb3 Be6 8. Be2 Be7 9. Qd3 0-0 10. 0-0 Nbd7 11. a4 Rc8 12. Rfc1 Nb6 13. Nd2 d5 14. Bxb6 Qxb6 15. Nxd5 Bxd5 16. exd5 Bc5 17. Rf1 Nxd5 18. Qxd5 Rcd8 19. Nc4 Rxd5 20. Nxb6 Bxb6 21. Rad1 Rfd8 22. Rxd5 Rxd5 23. Rd1 Rxd1+ 24. Bxd1 Bc7 25. Bf3 1-0

[Event "LSS No Engine Cup 188 Preliminary 0"]
[Site "LSS email"]
[Date "2019.03.14"]
[Round "?"]
[White "Koepcke, Klaus Peter"]
[Black "Rivera, Angel"]
[Result "0-1"]
[WhiteElo "1702"]
[BlackElo "1600"]
[PlyCount "90"]
[EventDate "2019.03.15"]
[EventType "tourn (corr)"]
[EventRounds "6"]
[EventCountry "GER"]
[SourceTitle "Corr 2022"]
[Source "ChessBase"]
[SourceDate "2021.10.24"]
[SourceVersion "1"]
[SourceVersionDate "2021.10.24"]
[SourceQuality "1"]

1. d4 d5 2. c4 dxc4 3. e4 e6 4. Nc3 Nf6 5. Bxc4 Bb4 6. Bg5 h6 7. Bxf6 Bxc3+ 8. bxc3 Qxf6 9. Nf3 Qg6 10. Qe2 Nc6 11. 0-0 0-0 12. e5 Ne7 13. Bd3 Qh5 14. Qe4 Qg6 15. Qxg6 Nxg6 16. Bxg6 fxg6 17. Nd2 b6 18. f3 g5 19. Ne4 Bb7 20. Rfe1 Rad8 21. Rad1 Rd5 22. Rd2 Kh7 23. Red1 Ra5 24. Rc2 g4 25. c4 gxf3 26. gxf3 Rxf3 27. Nc3 Rf4 28. Nb5 Rg4+ 29. Kf1 Bf3 30. Rdd2 c6 31. Nc7 Ra3 32. Nxe6 Be4 33. d5 Rf3+ 34. Rf2 Bd3+ 35. Rce2 Rxf2+ 36. Kxf2 cxd5 37. Re3 Bxc4 38. Nc7 d4 39. Re1 Rf4+ 40. Kg3 Rf7 41. Ne8 Bd5 42. Nd6 Rf3+ 43. Kg4 g5 44. Ne8 Kg6 45. Nf6 Ra3 0-1

[Event "RF-2019-0-00468"]
[Site "LSS email"]
[Date "2019.03.13"]
[Round "?"]
[White "Rivera, Angel"]
[Black "Rojas, Fernando"]
[Result "1-0"]
[WhiteElo "1526"]
[BlackElo "1233"]
[PlyCount "51"]
[EventDate "2019.02.12"]
[EventType "tourn (corr)"]
[EventRounds "6"]
[EventCountry "GER"]
[SourceTitle "Corr 2022"]
[Source "ChessBase"]
[SourceDate "2021.10.24"]
[SourceVersion "1"]
[SourceVersionDate "2021.10.24"]
[SourceQuality "1"]

1. e4 e5 2. Nc3 Nf6 3. Nf3 Nc6 4. Bb5 d6 5. d4 exd4 6. Nxd4 Bd7 7. Bf4 a6 8. Nxc6 bxc6 9. Ba4 Be7 10. 0-0 0-0 11. e5 dxe5 12. Bxe5 Rb8 13. Rb1 Nd5 14. Qf3 Nxc3 15. Qxc3 Bd6 16. Bxg7 Bxh2+ 17. Kxh2 Qh4+ 18. Kg1 Qxa4 19. b4 f6 20. Bxf6 Rxf6 21. Qxf6 Qxc2 22. Rb3 Bf5 23. f4 Rf8 24. Rg3+ Bg6 25. Qe6+ Kh8 26. Qe5+ 1-0

[Event "OP-2019-0-04747"]
[Site "LSS email"]
[Date "2019.03.12"]
[Round "?"]
[White "Rivera, Angel"]
[Black "Stancl, Vladimir"]
[Result "1/2-1/2"]
[WhiteElo "1525"]
[BlackElo "2086"]
[PlyCount "97"]
[EventDate "2019.03.05"]
[EventType "tourn (corr)"]
[EventRounds "4"]
[EventCountry "GER"]
[SourceTitle "Corr 2022"]
[Source "ChessBase"]
[SourceDate "2021.10.24"]
[SourceVersion "1"]
[SourceVersionDate "2021.10.24"]
[SourceQuality "1"]

1. e4 e6 2. Nc3 d5 3. d4 Nf6 4. Bg5 Be7 5. e5 Nfd7 6. Bxe7 Qxe7 7. Qd2 0-0 8. f4 c5 9. Nf3 a6 10. Bd3 Nc6 11. dxc5 Nxc5 12. 0-0 Bd7 13. Ne2 Nxd3 14. cxd3 Qc5+ 15. Kh1 a5 16. Rac1 Qb6 17. h3 a4 18. Rg1 h6 19. Kh2 Rfc8 20. Rc3 Ra5 21. Rgc1 Rd8 22. a3 Rb5 23. R1c2 Be8 24. Ng3 d4 25. Rc4 Ne7 26. Qf2 Rbd5 27. Rb4 Bb5 28. Nh5 Ng6 29. Nh4 R8d7 30. f5 exf5 31. Nxf5 Qe6 32. Rc8+ Kh7 33. Nfxg7 Qxe5+ 34. g3 f5 35. Ne8 Rf7 36. Nc7 Bc6 37. Nxd5 Qxd5 38. Rxc6 Qxc6 39. Rc4 Qe6 40. Rxd4 Ne5 41. Rb4 Rc7 42. Rb6 Qc8 43. Qf4 Rc2+ 44. Kh1 Rc1+ 45. Kg2 Rc2+ 46. Kf1 Rc1+ 47. Kg2 Rc2+ 48. Kf1 Rc1+ 49. Kg2 1/2-1/2

[Event "OP-2018-0-04673"]
[Site "LSS email"]
[Date "2018.11.19"]
[Round "?"]
[White "Sundqvist, Christer"]
[Black "Rivera, Angel"]
[Result "1-0"]
[WhiteElo "1923"]
[BlackElo "800"]
[PlyCount "162"]
[EventDate "2018.11.11"]
[EventType "tourn (corr)"]
[EventRounds "4"]
[EventCountry "GER"]
[SourceTitle "Corr 2022"]
[Source "ChessBase"]
[SourceDate "2021.10.24"]
[SourceVersion "1"]
[SourceVersionDate "2021.10.24"]
[SourceQuality "1"]

1. d4 d5 2. c4 e5 3. dxe5 d4 4. Nf3 Nc6 5. Nbd2 Nge7 6. Nb3 Nf5 7. e4 dxe3 8. Qxd8+ Nxd8 9. fxe3 Bb4+ 10. Kf2 Be7 11. Nbd4 0-0 12. Bd3 Nh6 13. h3 Ne6 14. b3 f6 15. exf6 Bxf6 16. Nxe6 Bxe6 17. Ba3 Rfe8 18. Rab1 Nf7 19. Bb2 Bxb2 20. Rxb2 Re7 21. Re1 Bd7 22. Rd2 Rf8 23. Kg1 g6 24. c5 Be6 25. e4 c6 26. Bc2 Rfe8 27. Kf2 Rf8 28. a3 Kg7 29. Ke3 Rfe8 30. Rd4 Nh6 31. Rd6 Nf7 32. Rd4 b6 33. b4 bxc5 34. bxc5 Bf5 35. Kf2 Be6 36. Red1 h6 37. Ba4 Rc8 38. Ke3 g5 39. R1d2 Kf8 40. Rb4 Bd5 41. Kd3 a5 42. Rd4 Be6 43. Ke3 Rb7 44. Rf2 Kg8 45. g4 Re7 46. Rb2 Kf8 47. Rb6 Bd7 48. Bb3 Be6 49. Bxe6 Rxe6 50. Ra6 Kg7 51. Rxa5 Kf6 52. Ra7 Ne5 53. a4 Nxf3 54. Kxf3 Ke5 55. Ke3 Rf8 56. Rad7 Rf1 57. Rd1 Rf4 58. a5 Rxe4+ 59. Kd3 Kf4 60. a6 Re2 61. Rf1+ Kg3 62. Ra1 R6e3+ 63. Kc4 Re4+ 64. Rd4 Re8 65. a7 Ra8 66. Rd6 Re4+ 67. Kd3 Re7 68. Rxc6 Rh7 69. Rca6 Kxh3 70. R6a4 Rc7 71. Kc4 Kxg4 72. Kb5+ Kf5 73. Kb6 Rcc8 74. c6 g4 75. Rf1+ Kg5 76. Ra5+ Kh4 77. Rh1+ Kg3 78. Rxh6 Kg2 79. Ra3 Re8 80. Rg6 Re4 81. Kb7 Rxa7+ 1-0

[Event "OP-2018-0-04673"]
[Site "LSS email"]
[Date "2018.11.18"]
[Round "?"]
[White "Rivera, Angel"]
[Black "Kuttner, Jaromir"]
[Result "1-0"]
[WhiteElo "800"]
[BlackElo "903"]
[PlyCount "23"]
[EventDate "2018.11.11"]
[EventType "tourn (corr)"]
[EventRounds "4"]
[EventCountry "GER"]
[SourceTitle "Corr 2022"]
[Source "ChessBase"]
[SourceDate "2021.10.24"]
[SourceVersion "1"]
[SourceVersionDate "2021.10.24"]
[SourceQuality "1"]

1. e4 d5 2. e5 c5 3. c3 e6 4. d4 Nc6 5. Nf3 Qb6 6. a3 Nge7 7. Bd3 Bd7 8. dxc5 Qxc5 9. 0-0 Ng6 10. Re1 a5 11. Be3 Qe7 12. Bb6 1-0

[Event "OP-2018-0-04671"]
[Site "LSS email"]
[Date "2018.11.16"]
[Round "?"]
[White "Rivera, Angel"]
[Black "Kelemen, Gyoergy"]
[Result "1/2-1/2"]
[WhiteElo "800"]
[BlackElo "1803"]
[PlyCount "121"]
[EventDate "2018.11.07"]
[EventType "tourn (corr)"]
[EventRounds "4"]
[EventCountry "GER"]
[SourceTitle "Corr 2022"]
[Source "ChessBase"]
[SourceDate "2021.10.24"]
[SourceVersion "1"]
[SourceVersionDate "2021.10.24"]
[SourceQuality "1"]

1. e4 c5 2. c4 Nc6 3. Ne2 e6 4. a3 Nf6 5. Nbc3 d5 6. cxd5 exd5 7. d4 dxe4 8. d5 Ne7 9. Ng3 Nexd5 10. Ngxe4 Be7 11. Nxd5 Nxd5 12. Bc4 Be6 13. Qa4+ Kf8 14. Qc2 b5 15. Be2 Qb6 16. 0-0 h6 17. Rd1 Rd8 18. b3 f5 19. Ng3 g6 20. Bb2 Rh7 21. a4 a6 22. axb5 axb5 23. Bf3 Kg8 24. Ne2 Bf8 25. h4 Rhd7 26. Qc1 Bg7 27. Bxg7 Kxg7 28. Ng3 Nf6 29. Rxd7+ Rxd7 30. h5 c4 31. bxc4 bxc4 32. hxg6 Kxg6 33. Qc3 Qd4 34. Qxd4 Rxd4 35. Ne2 Rd6 36. Nf4+ Kf7 37. Nxe6 Kxe6 38. Ra4 c3 39. Rc4 Rd3 40. Kf1 Ne4 41. Ke2 Rd2+ 42. Ke1 Nxf2 43. Rxc3 Ra2 44. Rc6+ Ke5 45. Rxh6 Kf4 46. Rb6 Ke3 47. Rb1 Ra3 48. Bd5 Rc3 49. Be6 Rc5 50. Kf1 Ne4 51. Kg1 Kf4 52. Rf1+ Kg5 53. Rxf5+ Rxf5 54. Bxf5 Kxf5 55. Kh2 Kg4 56. Kg1 Kg3 57. Kh1 Nf2+ 58. Kg1 Nh3+ 59. Kf1 Nf4 60. Ke1 Kxg2 61. Kd2 1/2-1/2